Veda a prax pri ochrane osobnosti
Ochrana osobnosti ako súčasť predmetu občianskeho práva. Genéza ustanovení par. 11 až 16 OZ. Vzťah všeobecného osobnostného práva k osobitným osobnostným právam tvorcov, osobitne droit moral autorov literárnych vedeckých a umeleckých diel. Súvislosti všeobecného osobnostného práva a základných ľudsk...
Salvato in:
| Autore principale: | |
|---|---|
| Natura: | Capitolo di libro |
| Lingua: | slovacco |
| Soggetti: | |
| Tags: |
Nessun Tag, puoi essere il primo ad aggiungerne!!
|
MARC
| LEADER | 00000naa$a2200000$$$4500 | ||
|---|---|---|---|
| 001 | 0004754 | ||
| 005 | 20230929081204.5 | ||
| 041 | 0 | |a slo | |
| 044 | |a SK | ||
| 245 | 1 | 0 | |a Veda a prax pri ochrane osobnosti |c aut. Ján Švidroň |
| 520 | |a Ochrana osobnosti ako súčasť predmetu občianskeho práva. Genéza ustanovení par. 11 až 16 OZ. Vzťah všeobecného osobnostného práva k osobitným osobnostným právam tvorcov, osobitne droit moral autorov literárnych vedeckých a umeleckých diel. Súvislosti všeobecného osobnostného práva a základných ľudských práv a slobôd. Ochrana osobnosti v mediálnych súvislostiach. Náhrada nemajetnej újmy v peniazoch ako teoretický aj praktický problém. | ||
| 610 | 2 | 0 | |a ochrana osobnosti |
| 610 | 2 | 0 | |a právo občianske |
| 610 | 2 | 0 | |a diela autorské |
| 610 | 2 | 0 | |a práva ľudské |
| 610 | 2 | 0 | |a sloboda |
| 100 | 1 | |a Švidroň, Ján | |